000 00634nam a2200217Ia 4500
008 101110s9999 xx 000 0 und d
041 _aENGLISH
082 _bSR32898
100 _aAcharya Manisha,Joglekar Archana,Shevade Smita,Deshpande Sanjay
245 _aBusiness mathematics & statistics FYBCOM
260 _c2009
_bHimalaya publishing house, Mumbai
300 _a300
365 _b225
520 _aStats/Maths
546 _aENGLISH
630 _aBusiness mathematics & statistics FYBCOM
650 _aStats/Maths
655 _aStats/Maths
730 _aBusiness mathematics & statistics FYBCOM
942 _cBOOK
999 _c825399
_d825396